Jääkiekon MM: joukkueiden logot - Statistics

Yleistilastot
  • Tätä visaa on pelattu 146 kertaa
  • Keskiarvotulos 11 / 16
Vastaustilastot
Kuvavisa Vastaus % Oikein
Ruotsi
95%
Slovakia
94%
Latvia
93%
Suomi
88%
Ranska
86%
Kanada
81%
Tšekki
79%
Yhdysvallat
79%
Saksa
72%
Unkari
66%
Norja
64%
Tanska
54%
Sveitsi
52%
Slovenia
50%
Itävalta
45%
Kazakstan
18%
Ehtoja vastaavia visoja ei löytynyt
Tulosjakauma
Jokaisen tuloksen saaneiden osuus
Persentiili vastausten määrän mukaan
Tuloshistoriasi
Et ole pelannut tätä visaa